அடர்ந்த காடும் ஐந்து தோழர்களும் பாகம் - 01 : ( யானைகளைத் தேடி ஒரு சாகசப் பயணம் ) /
Saved in:
| Main Author: | |
|---|---|
| Format: | Book |
| Language: | English Tamil |
| Published: |
கொழும்பு :
மாணவர் பதிப்பகம்,
|
| Subjects: | |
| Tags: |
Add Tag
No Tags, Be the first to tag this record!
|
MARC
| LEADER | 00000nam a22000007a 4500 | ||
|---|---|---|---|
| 005 | 20251207093904.0 | ||
| 008 | 251207b |||||||| |||| 00| 0 eng d | ||
| 020 | |a 9786245851539 | ||
| 041 | |a tam |h tam | ||
| 082 | |a 894.8113 |b நபீல் | ||
| 100 | |a நபீல் அபாபீல் |9 116310 | ||
| 245 | |a அடர்ந்த காடும் ஐந்து தோழர்களும் பாகம் - 01 : |b ( யானைகளைத் தேடி ஒரு சாகசப் பயணம் ) / | ||
| 260 | |a கொழும்பு : |b மாணவர் பதிப்பகம், | ||
| 300 | |a ii + 29 p. |b ill; |c 20.7 Cm. | ||
| 650 | |a Story | ||
| 942 | |c BK | ||
| 999 | |c 70403 |d 70403 | ||